000 00949nam a22003017a 4500
003 CHAP
005 20220329135640.0
008 971013s1966 r 00010 d
010 _a39901
011 _a40873
035 _a44999
040 _cCHAP
090 _aFolleto 3348
110 _aE.U.A. Department of Housing and Urban Development
_934908
245 _aEconomic factors in urban planning studies
260 _aWashington :
_bThe Department,
_c1966
300 _a40 p.
490 _aTechnical guide
_v; 20
590 _aBATCH-UPD
_b10
_c20130110
_lUCH01
_h2151
590 _aCONVERSION
_b10
_c20130109
_lUCH01
_h1322
650 1 4 _aUrbanismo
_xE.U.A.
_9116835
830 0 _aTechnical guide
_v; 20
_9111887
901 _aBK
942 _cFOLL
949 _aFolleto 3348
_bBC
_cFOLL
_d-103039
_eTS1
_i44999
_si
949 _aFolleto 3348
_bBC
_cFOLL
_d-103040
_eTS2
_fc.2
_i44999
_si
949 _aFolleto 3348
_bBC
_cFOLL
_d-103041
_eTS2
_fc.3
_i44999
_si
999 _c39901
_d39901